00540nam a22001337a 4500003000200000005001700002008004100019050002200060100002200082245017200104260008500276300002800361500001700389020231106135823.0221004b xxu||||| |||| 00| 0 eng d aHF5635b.L83 2022 aHorhana D. Lucman aThe importance of bookkeeping practices and its role on the survivability and constraints of selected sari-sari stores in Barangay Ilang, Davao CitycHorhana D. Lucman aLas Pinas City, PhilippinesbSouthville International School and CollegescC2022 ax,103pp.c28cm.fTheses aBookkeeping.